[Event "Titled Tue 24th Jun Late"]
[Site "chess.com INT"]
[Date "2025.06.24"]
[Round "9"]
[White "Kourousis, Epameinondas"]
[Black "Yao, Hanchi"]
[Result "1-0"]
[WhiteTitle "IM"]
[WhiteElo "2342"]
[BlackElo "2129"]
[WhiteFideId "4211626"]
[BlackFideId "30957397"]
[EventDate "2025.06.24"]

1. Nf3 Nf6 2. c4 e6 3. g3 b6 4. Bg2 Bb7 5. O-O Be7 6. Nc3 O-O 7. d4 Ne4 8. Bd2
f5 9. Rc1 d6 10. d5 e5 11. Nxe4 fxe4 12. Ne1 Nd7 13. Bxe4 Bg5 14. Bg2 Qf6 15.
Nd3 Bxd2 16. Qxd2 Rae8 17. e4 a5 18. b3 Rf7 19. Rce1 Nf8 20. Qc3 g5 21. f3 Bc8
22. f4 gxf4 23. gxf4 exf4 24. Qxf6 Rxf6 25. Rxf4 Rg6 26. e5 Bh3 27. Rf2 dxe5 28.
Rxe5 Rxe5 29. Nxe5 Rg5 30. Nf3 Rg7 31. Kf1 Bf5 32. Nd4 Bd3+ 33. Ke1 Ng6 34. Ne6
Re7 35. Kd2 Bb1 36. Kc3 h6 37. Bh3 Ne5 38. Rf8+ Kh7 39. Bf5+ Bxf5 40. Rxf5 Ng4
41. h3 Ne3 42. Rf3 Ng2 43. Kd4 Kg6 44. Nf4+ Nxf4 45. Rxf4 Re2 46. Rg4+ Kf6 47.
Rf4+ Kg6 48. a3 Rh2 49. Rf3 Re2 50. b4 axb4 51. axb4 Rb2 52. b5 Re2 53. d6 Rd2+
54. Rd3 Rxd3+ 55. Kxd3 cxd6 56. Ke4 Kf6 57. Kd5 Kg5 58. Kxd6 Kh4 59. c5 Kxh3 60.
cxb6 h5 61. b7 h4 62. b8=Q Kh2 63. Qh8 h3 64. b6 Kh1 65. b7 h2 66. b8=Q Kg1 67.
Qb1+ Kg2 68. Qc2+ Kh1 69. Qhxh2# 1-0

[Event "Titled Tue 24th Jun Late"]
[Site "chess.com INT"]
[Date "2025.06.24"]
[Round "9"]
[White "Gallo Garcia, Kemel Antonio"]
[Black "Smirnov, Alexandr A."]
[Result "0-1"]
[WhiteTitle "FM"]
[BlackTitle "FM"]
[WhiteElo "2362"]
[BlackElo "2136"]
[WhiteFideId "3523896"]
[BlackFideId "24104396"]
[EventDate "2025.06.24"]

1. d4 Nf6 2. c4 g6 3. Nc3 Bg7 4. e4 d6 5. Nf3 O-O 6. h3 c5 7. d5 e6 8. Be3 exd5
9. cxd5 Re8 10. Nd2 Na6 11. Be2 Nc7 12. a4 Rb8 13. O-O a6 14. a5 Bd7 15. Qc2 Nb5
16. Nxb5 Bxb5 17. Rfe1 Bxe2 18. Rxe2 b5 19. axb6 Rxb6 20. Nc4 Rb4 21. Bd2 Nxd5
22. Bxb4 Nxb4 23. Qa4 d5 24. Nd6 Re6 25. Nb7 Qe7 26. Na5 Rxe4 27. Nc6 Nxc6 28.
Rxe4 Qxe4 29. Qxc6 Bxb2 30. Rf1 c4 31. Qxa6 c3 32. Qa7 Kg7 33. Qb7 Qc4 34. Rb1
d4 35. Rxb2 cxb2 36. Qxb2 Qc3 37. Qe2 d3 38. Qe3 h5 39. g3 Qc4 40. Qe6 fxe6 0-1

[Event "Titled Tue 24th Jun Late"]
[Site "chess.com INT"]
[Date "2025.06.24"]
[Round "9"]
[White "Injac, Teodora"]
[Black "Fikiet, Alex"]
[Result "1-0"]
[WhiteTitle "IM"]
[WhiteElo "2457"]
[BlackElo "2151"]
[WhiteFideId "932400"]
[BlackFideId "2052717"]
[EventDate "2025.06.24"]

1. Nf3 d5 2. g3 Nc6 3. d4 Bf5 4. Bg2 Nb4 5. Na3 e6 6. O-O h6 7. Ne5 Nf6 8. c3
Na6 9. c4 c6 10. Nb1 Bd6 11. Nc3 O-O 12. b3 Qe7 13. Bb2 Rfd8 14. Qc1 Rac8 15. e3
b5 16. Re1 bxc4 17. bxc4 c5 18. cxd5 cxd4 19. exd4 Nb4 20. Nc6 Qe8 21. Nxd8 Nd3
22. Qd2 Nxe1 23. Rxe1 Qxd8 24. dxe6 fxe6 25. h3 Bb4 26. g4 Bg6 27. Rxe6 Bf7 28.
Rc6 Rxc6 29. Bxc6 Qa5 30. Qd3 Bxc3 31. Qxc3 Qxc3 32. Bxc3 Bxa2 33. Bb4 Bd5 34.
Bb5 Bb7 35. Bc4+ Kh7 36. Bc5 a6 37. Kf1 Ne4 38. Ke2 Ng5 39. h4 1-0

[Event "Titled Tue 24th Jun Late"]
[Site "chess.com INT"]
[Date "2025.06.24"]
[Round "9"]
[White "Fiorito, Fabian"]
[Black "Askarov, Bakhtiyar"]
[Result "0-1"]
[WhiteTitle "IM"]
[BlackTitle "IM"]
[WhiteElo "2274"]
[BlackElo "2297"]
[WhiteFideId "100200"]
[BlackFideId "13701100"]
[EventDate "2025.06.24"]

1. d4 d5 2. c4 e6 3. Nf3 Nf6 4. Nc3 Be7 5. Bg5 O-O 6. e3 Nbd7 7. Qc2 h6 8. Bh4
c5 9. cxd5 exd5 10. Bd3 c4 11. Bf5 a6 12. a4 Re8 13. O-O Nf8 14. Bxc8 Rxc8 15.
Ne5 Ne6 16. Bxf6 Bxf6 17. f4 Be7 18. Qf5 Bf6 19. Ng4 Nc7 20. Ne5 Qd6 21. a5 Rcd8
22. Qg4 Qe6 23. Qf3 Be7 24. f5 Qd6 25. Ng4 f6 26. Nf2 Bf8 27. Nh3 Qb4 28. Rf2
Kh7 29. Nf4 Bd6 30. Nfxd5 Nxd5 31. Nxd5 Qb3 32. Nc3 Bb4 33. Rc1 Bxc3 34. bxc3
Re7 35. e4 Rde8 36. Re2 Qb5 37. Rce1 Qxa5 38. Qg3 Kh8 39. e5 fxe5 40. dxe5 Qc5+
41. Kh1 Rf7 42. Qg6 Qf8 43. f6 gxf6 44. exf6 Rxe2 45. Rxe2 Rxf6 0-1

[Event "Titled Tue 24th Jun Late"]
[Site "chess.com INT"]
[Date "2025.06.24"]
[Round "9"]
[White "Bluebaum, Matthias"]
[Black "Pakleza, Zbigniew"]
[Result "1-0"]
[WhiteTitle "GM"]
[BlackTitle "GM"]
[WhiteElo "2663"]
[BlackElo "2484"]
[WhiteFideId "24651516"]
[BlackFideId "1119290"]
[EventDate "2025.06.24"]

1. d4 d6 2. Nf3 Bg4 3. e4 Nf6 4. Nc3 e6 5. h3 Bh5 6. Qe2 c6 7. g4 Bg6 8. h4 h5
9. g5 Nfd7 10. Bh3 Be7 11. d5 cxd5 12. exd5 e5 13. Be3 O-O 14. Nd2 Na6 15. Nde4
Ndc5 16. Ng3 Nb4 17. Rc1 Qa5 18. O-O Nxa2 19. Nxa2 Qxa2 20. Bxc5 dxc5 21. Qxe5
Rfe8 22. d6 Bf6 23. Qxc5 Bxb2 24. Rce1 Red8 25. d7 Ba3 26. Qa5 b6 27. Qa6 Qb2
28. Rb1 Qd4 29. Qxa3 Qxh4 30. Bg2 Rab8 31. Qe7 Qg4 32. Rb4 Qxd7 33. Qxd7 Rxd7
34. Rc4 b5 35. Rc5 h4 36. Nf5 Bxf5 37. Rxf5 g6 38. Rc5 a5 39. Rb1 Rd2 40. Rbxb5
Rxb5 41. Rxb5 a4 42. Ra5 Rxc2 43. Rxa4 Rc5 44. f4 Kg7 45. Kh2 Rc3 46. Rd4 Re3
47. Be4 Ra3 48. Bd3 Ra1 49. Rd7 Rd1 50. Bb5 1-0

[Event "Titled Tue 24th Jun Late"]
[Site "chess.com INT"]
[Date "2025.06.24"]
[Round "9"]
[White "Aalto, Patrik"]
[Black "Soza de la Carrera, Jose"]
[Result "1-0"]
[WhiteTitle "FM"]
[BlackTitle "CM"]
[WhiteElo "2316"]
[BlackElo "2221"]
[WhiteFideId "510726"]
[BlackFideId "3401278"]
[EventDate "2025.06.24"]

1. c4 c5 2. Nf3 Nf6 3. d4 cxd4 4. Nxd4 b6 5. f3 Bb7 6. e4 d6 7. Nc3 e6 8. Be2
Be7 9. O-O O-O 10. Be3 Nc6 11. Rc1 Nxd4 12. Bxd4 a6 13. b3 Qc7 14. Qd2 Rac8 15.
Rfe1 Nd7 16. f4 e5 17. Be3 exf4 18. Bxf4 Ne5 19. Nd5 Bxd5 20. exd5 Bf6 21. Bd3
Nxd3 22. Qxd3 Qc5+ 23. Kh1 Rfe8 24. Re4 Rxe4 25. Qxe4 b5 26. Re1 h6 27. cxb5
axb5 28. Qf5 Bc3 29. Rf1 Qc7 30. Bxd6 Qb7 31. Bg3 Rd8 32. d6 Qd7 33. Qd5 Qe6 34.
Qd3 b4 35. Rd1 f6 36. d7 Kf7 37. h3 f5 38. Kh2 g5 39. Bc7 Be5+ 40. Bxe5 Qxe5+
41. Kh1 Ke7 42. Qd2 Kf7 43. Qxb4 f4 44. Re1 Qf5 45. Qe7+ Kg6 46. Qxd8 f3 47.
Qe8+ Kg7 48. Re7+ 1-0

[Event "Titled Tue 24th Jun Late"]
[Site "chess.com INT"]
[Date "2025.06.24"]
[Round "9"]
[White "Karas, Eugenia"]
[Black "Fernandes, Rogerio Paulo Muller"]
[Result "0-1"]
[WhiteTitle "WFM"]
[WhiteElo "2124"]
[BlackElo "2241"]
[WhiteFideId "463485"]
[BlackFideId "2101599"]
[EventDate "2025.06.24"]

1. Nf3 c5 2. b3 Nf6 3. Bb2 g6 4. e3 Bg7 5. Be2 O-O 6. O-O Nc6 7. d4 cxd4 8. exd4
d5 9. Nbd2 Bg4 10. h3 Bxf3 11. Bxf3 e6 12. c4 Rc8 13. c5 b6 14. Rc1 Nd7 15. cxb6
Qxb6 16. Ba3 Rfd8 17. Bc5 Nxc5 18. dxc5 Qa5 19. a4 Nd4 20. Nb1 Nxf3+ 21. Qxf3
Rxc5 22. Rxc5 Qxc5 23. g3 Rb8 24. Nd2 Qc3 25. Qf4 e5 26. Qg5 f6 27. Qe3 Qxe3 28.
fxe3 Bh6 29. Kf2 d4 30. Ke2 dxe3 31. Ne4 f5 32. Nc5 Bf8 33. Rc1 Rc8 34. b4 f4
35. gxf4 exf4 36. Rc4 g5 37. a5 Kf7 38. a6 Bd6 39. Ne4 Rd8 40. Nxg5+ Kg6 41. Ne4
Be5 42. Rc6+ Kf5 43. Nc5 Rd2+ 44. Ke1 Rh2 45. b5 f3 46. Nd3 Rh1# 0-1

[Event "Titled Tue 24th Jun Late"]
[Site "chess.com INT"]
[Date "2025.06.24"]
[Round "9"]
[White "Szpar, Milosz"]
[Black "Paravyan, David"]
[Result "1-0"]
[WhiteTitle "IM"]
[BlackTitle "GM"]
[WhiteElo "2495"]
[BlackElo "2589"]
[WhiteFideId "1184989"]
[BlackFideId "4194985"]
[EventDate "2025.06.24"]

1. e4 e5 2. Nf3 Nf6 3. d4 Nxe4 4. Bd3 d5 5. Nxe5 Nd7 6. Nxd7 Bxd7 7. O-O Bd6 8.
Nc3 Nxc3 9. bxc3 O-O 10. Qh5 f5 11. Re1 c6 12. Bg5 Qc7 13. c4 Be8 14. Qh3 dxc4
15. Bxc4+ Bf7 16. Be6 Bxe6 17. Rxe6 Rae8 18. Rxe8 Rxe8 19. Qxf5 Bxh2+ 20. Kf1
Bd6 21. c4 b6 22. Re1 Rxe1+ 23. Kxe1 h6 24. Qe6+ Kf8 25. Be3 c5 26. d5 b5 27.
cxb5 Qa5+ 28. Ke2 Qxb5+ 29. Kf3 Qb8 30. Kg4 Qc7 31. f4 c4 32. Bd4 a5 33. a4 h5+
34. Kg5 Bxf4+ 35. Kg6 Bd6 36. Kh7 g5+ 37. Kh8 c3 38. Bf6 1-0

[Event "Titled Tue 24th Jun Late"]
[Site "chess.com INT"]
[Date "2025.06.24"]
[Round "9"]
[White "Hua, Lefong"]
[Black "Nakara Husain"]
[Result "1-0"]
[WhiteTitle "FM"]
[WhiteElo "2305"]
[BlackElo "1713"]
[WhiteFideId "2602253"]
[BlackFideId "25636111"]
[EventDate "2025.06.24"]

1. d4 Nf6 2. c4 e6 3. Nc3 d5 4. cxd5 exd5 5. Bg5 c6 6. e3 Be7 7. Bd3 h6 8. Bh4
O-O 9. Qc2 Re8 10. Nge2 Ne4 11. Bxe7 Qxe7 12. O-O Bf5 13. Rae1 Nxc3 14. bxc3
Bxd3 15. Qxd3 Nd7 16. Ng3 Qa3 17. Re2 Nf6 18. f3 c5 19. Rd1 Rac8 20. Qd2 Red8
21. Nf5 Kf8 22. Qe1 Qa4 23. Red2 Qd7 24. Ng3 Qe6 25. Qf2 Re8 26. Re2 Qa6 27. h3
Qa4 28. Rde1 Qa5 29. Nf5 g6 30. Nd6 Qxc3 31. Nxe8 Rxe8 32. Rc2 Qd3 33. Rxc5 Re7
34. Rcc1 Nd7 35. Rcd1 Qa6 36. e4 Nb6 37. exd5 Nxd5 38. Rxe7 Nxe7 39. Qe3 Nf5 40.
Qf2 Qa4 41. Rd2 Nd6 42. d5 b6 43. Qd4 Qb5 44. Qh8+ Ke7 45. Qe5+ Kd7 46. Re2 Qb1+
47. Kh2 Nf5 48. Qe8+ Kc7 49. Qxf7+ Kb8 50. Qe8+ Kb7 51. Qe4 Qb4 52. Qxb4 1-0

[Event "Titled Tue 24th Jun Late"]
[Site "chess.com INT"]
[Date "2025.06.24"]
[Round "9"]
[White "Golis, Wiktor"]
[Black "Leiva, Gianmarco"]
[Result "0-1"]
[WhiteTitle "FM"]
[BlackTitle "IM"]
[WhiteElo "2307"]
[BlackElo "2387"]
[WhiteFideId "21055874"]
[BlackFideId "3804399"]
[EventDate "2025.06.24"]

1. Nf3 d5 2. e3 Nf6 3. c4 e6 4. Nc3 Nbd7 5. b3 b6 6. Bb2 Bb7 7. cxd5 exd5 8. g3
Be7 9. Bg2 O-O 10. O-O Re8 11. Rc1 Bf8 12. Ne2 a5 13. Qc2 Ba6 14. Rfe1 a4 15.
Qxc7 Nc5 16. Qxd8 Rexd8 17. Nf4 axb3 18. d4 Na4 19. axb3 Nxb2 20. Ne5 Bb4 21.
Nc6 Bxe1 22. Nxd8 Rxd8 23. Rxe1 Nd3 24. Ra1 Nxf4 25. gxf4 Bd3 26. Rc1 Bf5 27.
Rc6 Rc8 28. Rxb6 Rc1+ 29. Bf1 h5 30. Kg2 Be4+ 31. f3 Bxf3+ 32. Kxf3 Rxf1+ 33.
Kg2 Rb1 34. Rb8+ Kh7 35. f5 Ng4 36. Kf3 Nxh2+ 37. Kf4 Ng4 38. b4 Rf1+ 39. Kg5
Nxe3 40. b5 Rxf5+ 41. Kh4 Rf4+ 42. Kg3 Rxd4 43. b6 Rb4 44. b7 Nf5+ 45. Kh3 Nd6
46. Kg3 Rxb7 47. Rd8 Nf5+ 48. Kh3 d4 49. Rd5 Kg6 50. Rd8 Rb6 51. Rd5 Rd6 52. Re5
d3 53. Re1 d2 54. Rd1 Ne3 55. Rg1+ Kh6 56. Kh4 d1=Q 57. Rg3 Qh1+ 58. Rh3 Nf5# 0-1

[Event "Titled Tue 24th Jun Late"]
[Site "chess.com INT"]
[Date "2025.06.24"]
[Round "9"]
[White "Kobo, Ori"]
[Black "Asish Panda"]
[Result "1-0"]
[WhiteTitle "GM"]
[WhiteElo "2493"]
[BlackElo "1911"]
[WhiteFideId "2812320"]
[BlackFideId "45012458"]
[EventDate "2025.06.24"]

1. c4 e6 2. g3 d5 3. Bg2 Nf6 4. Nf3 Be7 5. O-O O-O 6. b3 c5 7. cxd5 exd5 8. Bb2
d4 9. e3 Nc6 10. Na3 Be6 11. Rc1 Nb4 12. exd4 Nd3 13. Rb1 Nxb2 14. Rxb2 cxd4 15.
Nc4 Rc8 16. d3 Nd5 17. Re1 Bb4 18. Rxe6 fxe6 19. a3 Bc5 20. b4 Bb6 21. Qe1 Qf6
22. Re2 Rce8 23. Nfe5 Nc3 24. Rc2 Bc7 25. Nd7 Qf5 26. Rd2 Rf7 27. Nc5 b6 28. Ne4
Rd8 29. Qf1 b5 30. Nb2 e5 31. Nd1 Nxe4 32. Bxe4 Qg5 33. Rc2 Bb6 34. h4 Qg4 35.
Nb2 Kh8 36. Qg2 Rdf8 37. Bd5 Rd7 38. Be4 Qe6 39. Rc6 Rd6 40. Rc1 Qb3 41. f3 Rdf6
42. Kh2 Qxa3 43. Rc2 Qxb4 44. Qh3 1-0

[Event "Titled Tue 24th Jun Late"]
[Site "chess.com INT"]
[Date "2025.06.24"]
[Round "9"]
[White "Mekhitarian, Krikor Sevag"]
[Black "Tang, Austin"]
[Result "1-0"]
[WhiteTitle "GM"]
[WhiteElo "2564"]
[BlackElo "1979"]
[WhiteFideId "2107660"]
[BlackFideId "30964580"]
[EventDate "2025.06.24"]

1. Nf3 Nf6 2. c4 g6 3. Nc3 Bg7 4. e4 d6 5. d4 O-O 6. h3 Na6 7. Bg5 e5 8. dxe5
dxe5 9. Qxd8 Rxd8 10. Nd5 Rd6 11. Bxf6 Bxf6 12. Rc1 c6 13. Nxf6+ Rxf6 14. c5 Rf4
15. Bxa6 bxa6 16. Nd2 a5 17. f3 Ba6 18. Nc4 f5 19. Nxe5 fxe4 20. g3 Rf5 21. f4
Bb5 22. Rh2 e3 23. Rc3 g5 24. Ng4 Kh8 25. Nxe3 Re8 26. Kd2 Rd8+ 27. Kc1 Rff8 28.
fxg5 Rf3 29. Rd2 Re8 30. Nd1 Rf1 31. b3 Rh1 32. h4 Ree1 33. a4 Be2 34. Rcd3 Bxd3
35. Rxd3 Kg7 36. Kc2 Re2+ 37. Kc3 Rhh2 38. Ne3 Kg6 39. Ng4 Rc2+ 40. Kd4 Rhd2 41.
Ne5+ Kf5 42. Nxc6 Rxd3+ 43. Kxd3 Rg2 44. Nd4+ Ke5 45. Ne2 Kd5 46. Nf4+ 1-0

[Event "Titled Tue 24th Jun Late"]
[Site "chess.com INT"]
[Date "2025.06.24"]
[Round "9"]
[White "Maksimovic, Bojan"]
[Black "Sitbon, Itay"]
[Result "1-0"]
[WhiteTitle "IM"]
[WhiteElo "2514"]
[BlackElo "2206"]
[WhiteFideId "14408120"]
[BlackFideId "2820706"]
[EventDate "2025.06.24"]

1. f4 Nh6 2. Nf3 d5 3. c4 dxc4 4. Na3 g6 5. Nxc4 Bg7 6. g3 c5 7. Bg2 O-O 8. O-O
Nf5 9. e3 Nc6 10. Qe2 Be6 11. d3 Rc8 12. Bd2 b5 13. Nce5 Nxe5 14. Nxe5 Bd5 15.
Nf3 Ba8 16. Bc3 Bxc3 17. bxc3 b4 18. Rac1 bxc3 19. Rxc3 Qa5 20. Rfc1 Rfd8 21.
Ne5 Bxg2 22. Kxg2 Qb6 23. d4 Qb7+ 24. Qf3 Qxf3+ 25. Kxf3 f6 26. Nd3 Rb8 27. Rxc5
Rb2 28. Nxb2 Kf7 29. Ra5 Rb8 30. Nd3 Nd6 31. Rxa7 Nb5 32. Ra4 Nd6 33. Rb4 Ra8
34. a4 h5 35. Nc5 Ra5 36. Ra1 Ra8 37. a5 Nc8 38. a6 Na7 39. Rb7 Nc6 40. a7 g5
41. Ra6 Nxa7 42. Raxa7 g4+ 43. Ke4 Re8 44. Kf5 h4 45. Ne6 hxg3 46. hxg3 Kg8 47.
Kg6 Kh8 48. e4 Rg8+ 49. Kf5 Rf8 50. Nxf8 Kg8 51. Ng6 Kf7 52. Rxe7+ Kg8 53. Rg7# 1-0

[Event "Titled Tue 24th Jun Late"]
[Site "chess.com INT"]
[Date "2025.06.24"]
[Round "9"]
[White "Hobson, Kenneth"]
[Black "Venskaya, Nika"]
[Result "0-1"]
[WhiteTitle "FM"]
[BlackTitle "WCM"]
[WhiteElo "2361"]
[BlackElo "1926"]
[WhiteFideId "480819"]
[BlackFideId "13523503"]
[EventDate "2025.06.24"]

1. e4 c5 2. Nf3 d6 3. d4 cxd4 4. Nxd4 Nf6 5. Nc3 g6 6. f3 Bg7 7. Be3 O-O 8. Qd2
Nc6 9. O-O-O d5 10. exd5 Nxd5 11. Nxc6 bxc6 12. Bd4 e5 13. Bc5 Re8 14. Ne4 Be6
15. h4 h6 16. h5 g5 17. g4 Nf4 18. Ba6 Qxd2+ 19. Rxd2 Red8 20. Rhd1 Rxd2 21.
Rxd2 Bd5 22. c4 Bxe4 23. fxe4 Ne6 24. Be3 Nd4 25. Bxd4 exd4 26. Bb7 Rb8 27. Bxc6
Be5 28. Kc2 f6 29. a3 a5 30. b3 Kf8 31. Bd5 Ke7 32. c5 Rb5 33. Bc4 Rxc5 34. Kd3
Rc8 35. Ra2 Rb8 36. b4 axb4 37. axb4 Rxb4 38. Ra7+ Kd6 39. Rh7 Ra4 40. Rxh6 Kc5
41. Be6 Ra3+ 42. Kd2 d3 43. Rh8 Bf4+ 44. Ke1 d2+ 45. Ke2 Ra1 46. Rc8+ Kd6 0-1

[Event "Titled Tue 24th Jun Late"]
[Site "chess.com INT"]
[Date "2025.06.24"]
[Round "9"]
[White "Hadzovic, Amir"]
[Black "Rogov, Matfey"]
[Result "0-1"]
[WhiteTitle "FM"]
[BlackTitle "FM"]
[WhiteElo "2354"]
[BlackElo "2348"]
[WhiteFideId "14402300"]
[BlackFideId "44191308"]
[EventDate "2025.06.24"]

1. e4 e5 2. Nc3 Nf6 3. f4 d5 4. fxe5 Nxe4 5. Qf3 Nc6 6. Bb5 Nxc3 7. dxc3 Qh4+ 8.
g3 Qe4+ 9. Qxe4 dxe4 10. Bxc6+ bxc6 11. Ne2 Bd7 12. Bf4 O-O-O 13. O-O-O h6 14.
h4 Be7 15. Rhe1 c5 16. Be3 Bg4 17. Rxd8+ Kxd8 18. Nf4 c6 19. b4 cxb4 20. Bxa7
bxc3 21. Re3 g5 22. Ng2 Bf3 23. Ne1 gxh4 24. gxh4 Bh1 25. Rh3 Bf3 26. Nxf3 exf3
27. Rxf3 Bxh4 28. Rxf7 Bg5+ 29. Kd1 h5 30. e6 h4 31. Bb6+ Ke8 32. Bd4 Rh6 33.
Rg7 Bf4 34. e7 Re6 35. Bf2 h3 36. Bh4 h2 37. Rg8+ Kd7 38. Rd8+ Kc7 39. e8=Q
h1=Q+ 0-1

[Event "Titled Tue 24th Jun Late"]
[Site "chess.com INT"]
[Date "2025.06.24"]
[Round "9"]
[White "Mishra, Abhimanyu"]
[Black "Murzin, Volodar"]
[Result "1/2-1/2"]
[WhiteTitle "GM"]
[BlackTitle "GM"]
[WhiteElo "2611"]
[BlackElo "2666"]
[WhiteFideId "30920019"]
[BlackFideId "44155573"]
[EventDate "2025.06.24"]

1. e4 e5 2. Nf3 Nc6 3. Bc4 Nf6 4. d3 Be7 5. O-O O-O 6. Re1 d6 7. a4 Be6 8. Nbd2
h6 9. h3 a5 10. b3 Nd7 11. Bb2 Bg5 12. Nf1 Bxc4 13. bxc4 b6 14. Nxg5 Qxg5 15.
Bc1 Qh4 16. Qg4 Qxg4 17. hxg4 Nc5 18. Ne3 f6 19. g3 Kf7 20. Kg2 Rh8 21. Rh1 Ne7
22. f4 Ne6 23. Nd5 Rac8 24. Be3 Rhf8 25. Kf3 Ke8 26. Ke2 Kd7 27. c3 Nc6 28. Rh5
Rf7 29. Rah1 Rcf8 30. Rb1 Nc5 31. Bxc5 dxc5 32. f5 Nd8 33. Rh2 Nb7 34. Kf3 Nd6
35. Rhb2 Rh8 36. Rh1 Rff8 37. Ne3 Rd8 38. Nd5 Rhf8 39. Rbb1 Rf7 40. Rb2 Kc6 41.
Rb3 Nc8 42. Rhb1 Rfd7 43. Ke2 Kb7 44. Rb5 Ka6 45. R5b2 Ka7 46. Rd1 c6 47. Ne3
Nd6 48. Rdb1 Nc8 49. Rd1 Nd6 50. Rdb1 Nc8 51. Rd1 1/2-1/2

[Event "Titled Tue 24th Jun Late"]
[Site "chess.com INT"]
[Date "2025.06.24"]
[Round "9"]
[White "Dehtiarov, Roman"]
[Black "Khoo-Thwe, Louis"]
[Result "0-1"]
[WhiteTitle "FM"]
[BlackTitle "CM"]
[WhiteElo "2416"]
[BlackElo "2214"]
[WhiteFideId "14186640"]
[BlackFideId "1538756"]
[EventDate "2025.06.24"]

1. e4 e5 2. Nf3 Nc6 3. Bb5 a6 4. Ba4 Nf6 5. O-O Be7 6. Re1 b5 7. Bb3 d6 8. c3
O-O 9. h3 Na5 10. Bc2 c5 11. d4 Qc7 12. d5 Ne8 13. Nbd2 g6 14. Nf1 Bd7 15. g4
Nb7 16. Ng3 Ng7 17. b4 a5 18. Bh6 axb4 19. cxb4 cxb4 20. Bb3 Nc5 21. Rc1 Qa7 22.
Qd2 Nxb3 23. axb3 Qa3 24. Rc7 Rfd8 25. Rb1 Ne8 26. Rc2 Rdc8 27. Ne1 Bd8 28. Rxc8
Rxc8 29. Nd3 Rc3 30. Qd1 Bb6 31. Ne2 Nf6 32. Ra1 Rxd3 33. Qb1 Qxb3 34. Ra8+ Ne8
35. Qxb3 Rxb3 36. Rb8 Bc5 37. Rd8 Rb2 38. Kf1 Rb1+ 39. Kg2 Rb2 40. Kf1 Rb1+ 41.
Kg2 b3 42. Rxd7 b2 43. Re7 f6 44. Rxe8+ Kf7 45. Rf8+ Ke7 46. Nc3 Rc1 47. Rb8
Rxc3 48. Rxb5 Ba3 0-1

[Event "Titled Tue 24th Jun Late"]
[Site "chess.com INT"]
[Date "2025.06.24"]
[Round "9"]
[White "Klys, Kacper"]
[Black "Ersoz, Teoman Guney"]
[Result "1-0"]
[WhiteTitle "CM"]
[BlackTitle "CM"]
[WhiteElo "2218"]
[BlackElo "2052"]
[WhiteFideId "21005281"]
[BlackFideId "44537050"]
[EventDate "2025.06.24"]

1. e4 c5 2. Nf3 e6 3. d4 cxd4 4. Nxd4 a6 5. a3 Nc6 6. Nxc6 bxc6 7. Bd3 d5 8. O-O
Nf6 9. Nd2 Be7 10. Qe2 Bb7 11. e5 Nd7 12. f4 Nc5 13. Nf3 Nxd3 14. cxd3 c5 15.
Qc2 Rc8 16. Bd2 Qb6 17. Kh1 g6 18. Rac1 Bc6 19. Rfd1 h5 20. Be1 d4 21. Nd2 Qb7
22. Nc4 Bd5 23. b4 h4 24. h3 g5 25. bxc5 gxf4 26. Rb1 Qc6 27. Na5 Qxc5 28. Qxc5
Rxc5 29. Rdc1 Rg8 30. Rxc5 Bxc5 31. Rb8+ Ke7 32. Bxh4+ Kd7 33. Rxg8 Bxa3 34. Rg7
Bb4 35. Nc4 a5 36. Rxf7+ Kc6 37. Rxf4 a4 38. Rxd4 a3 39. Nxa3 Bxa3 40. Bf2 Bb2
41. Rg4 Bxe5 42. Bd4 Bd6 43. h4 e5 44. Be3 Be6 45. Rg6 Bf5 46. Rg5 Bxd3 47. h5
Be7 48. Rg7 Bf6 49. Rf7 Bh4 50. h6 e4 51. h7 1-0

[Event "Titled Tue 24th Jun Late"]
[Site "chess.com INT"]
[Date "2025.06.24"]
[Round "9"]
[White "Mekhane, Adam"]
[Black "Playa, Marcelo"]
[Result "0-1"]
[WhiteTitle "FM"]
[BlackTitle "IM"]
[WhiteElo "2361"]
[BlackElo "2376"]
[WhiteFideId "36050601"]
[BlackFideId "102202"]
[EventDate "2025.06.24"]

1. e4 e6 2. d4 d5 3. exd5 exd5 4. Nf3 Bd6 5. Bd3 Nf6 6. Qe2+ Be6 7. Ng5 Qd7 8.
Nxe6 fxe6 9. O-O O-O 10. Re1 Nc6 11. c3 e5 12. Be3 e4 13. Bc2 Ng4 14. h3 Nxe3
15. fxe3 Bg3 16. Rf1 Rxf1+ 17. Qxf1 Rf8 18. Qd1 Qf5 19. Qe2 Qf2+ 20. Qxf2 Bxf2+
21. Kh2 Bxe3 22. Na3 Rf2 23. Bb3 Ne7 24. Re1 Bf4+ 25. Kg1 Rxb2 26. c4 c6 27.
cxd5 cxd5 28. Rd1 g5 29. Nc2 Kg7 30. Kf1 a5 31. Kf2 a4 32. Bxa4 Rxa2 33. Bb3 Rb2
34. Ba4 b5 35. g3 Bd6 36. Bb3 Rxb3 37. Ne3 Rb2+ 38. Kg1 Bxg3 39. Rf1 Bf4 40. Ng4
e3 41. Re1 b4 42. Nxe3 Bxe3+ 43. Rxe3 Nf5 44. Re5 Nxd4 45. Rxg5+ Kf6 46. Rxd5
Nf3+ 47. Kf1 b3 48. h4 Nxh4 49. Rh5 Nf5 50. Rxh7 Rc2 0-1

[Event "Titled Tue 24th Jun Late"]
[Site "chess.com INT"]
[Date "2025.06.24"]
[Round "9"]
[White "Tari, Aryan"]
[Black "Lortkipanidze, Nodar"]
[Result "1-0"]
[WhiteTitle "GM"]
[BlackTitle "IM"]
[WhiteElo "2636"]
[BlackElo "2359"]
[WhiteFideId "1510045"]
[BlackFideId "13604058"]
[EventDate "2025.06.24"]

1. e4 c5 2. Nc3 d6 3. f4 g6 4. Nf3 Bg7 5. Bb5+ Bd7 6. Bc4 Nc6 7. d3 e6 8. f5 Ne5
9. fxe6 fxe6 10. Nxe5 Bxe5 11. O-O Qh4 12. h3 Qg3 13. Qf3 Qh2+ 14. Kf2 Ne7 15.
Bh6 Nc6 16. Ne2 Bd4+ 17. Nxd4 Nxd4 18. Qf6 Qe5 19. Qxe5 dxe5 20. c3 Nc6 21. Ke3
Ke7 22. Bg5+ Kd6 23. Rf7 a6 24. a3 b5 25. Ba2 h6 26. Bh4 g5 27. Bg3 a5 28. Raf1
b4 29. a4 bxc3 30. bxc3 Rab8 31. R7f2 Ne7 32. d4 cxd4+ 33. cxd4 Ng6 34. Rf6 Nf4
35. dxe5+ Kxe5 36. R6xf4 gxf4+ 37. Bxf4+ Kf6 38. Bxb8+ Ke7 39. Be5 Rc8 40. Kd2
Bxa4 41. Rc1 Rd8+ 42. Ke3 Rg8 43. Rc7+ Kd8 44. Bxe6 Rxg2 45. Ra7 Bc6 46. Bf6+
Ke8 47. Rc7 Rg6 48. Rc8# 1-0

[Event "Titled Tue 24th Jun Late"]
[Site "chess.com INT"]
[Date "2025.06.24"]
[Round "9"]
[White "Rodgers, Jack"]
[Black "Dyachuk, Artem"]
[Result "0-1"]
[WhiteTitle "FM"]
[BlackTitle "FM"]
[WhiteElo "2183"]
[BlackElo "2374"]
[WhiteFideId "3220885"]
[BlackFideId "34107924"]
[EventDate "2025.06.24"]

1. d4 Nf6 2. Bg5 c5 3. d5 Qb6 4. Nc3 Qxb2 5. Bd2 Qb6 6. e4 d6 7. f4 e6 8. Rb1
Qd8 9. Bb5+ Bd7 10. dxe6 fxe6 11. e5 dxe5 12. fxe5 Nd5 13. Qg4 Nc6 14. Nf3 Qe7
15. Ne4 Qf7 16. O-O O-O-O 17. Neg5 Qg6 18. Qa4 Nb6 19. Qf4 Be7 20. Bd3 Qh5 21.
g4 Qe8 22. Bxh7 Nd5 23. Qg3 Bxg5 24. Nxg5 Nd4 25. Bd3 Bc6 26. Nf7 Nb6 27. Nd6+
Rxd6 28. exd6 c4 29. Be3 cxd3 30. Bxd4 dxc2 31. Rbc1 Qg6 32. d7+ Nxd7 33. Rfe1
e5 34. Bxa7 Qe6 35. Bf2 Qd5 36. Kf1 Bb5+ 37. Kg1 Bc6 38. Kf1 Rf8 39. h4 Qh1+ 40.
Ke2 Qe4+ 41. Kd2 Qd5+ 42. Kxc2 Rxf2+ 43. Qxf2 Qxa2+ 44. Kc3 Qxf2 0-1